1621 1059 1692 1743 1672 1512 1025 1165 1113 1874 1286 1710 1066 1244 1621 1029 1576 1769 1128 1061 1774 1191 1675 1394 1609 1333 1872 1126 1114 1706 1410 1977 1824 1252 1256 1752 1887 1830 1300 1351 1493 1804 1727 1303 1300 1576 1744 1695 1297 1519 1262 1584 1214 1711 1638 1423 1746 1496 1157 1313 1807 1166 1442 1117 1810 1292 1908 1220 1289 1636 1993 1058 1286 1210 1352 1901 1413 1709 1930 1595 1462 1811 1764 1491 1962 1981 1186 1692 1592 1917 1426 1102 1885 1695 1638 1553 1176 1469 1394 BCNSPRNW ULIB Ver.6.0+V

เปลี่ยนเป็นภาษาไทย

Change to English
 แสดงรายละเอียดบรรณานุกรม
  กลับหน้าหลัก

Brief Record : Get Marc (ISO 2709) : E-mail record : QR code < ปิดหน้าต่าง
LEADER : 00000nam 2200000uu 4500
001    13399126411
003     ULIB
008    020711s2018 th a 000 0 eng d
020    ^a9781496351364
060    ^aWY86^bL913L
100    ^aLucy Hood RN, DNSc
245    ^aLeddy & Pepper s Professional Nursing
250    ^a9th ed
260    ^aPhiladelphia :^bWolters Kluwer,^c2018
300    ^a610 pages;^b26 cm
650    ^aNursing Theory
650    ^aNursing-trends
945    ^p2618^l0^i004636
999    ^aประนอม เกษจรัล
รายการนี้ยังไม่มีแท็ก
คุณยังไม่ได้ล็อกอิน คุณสามารถมีกิจกรรมร่วมกับเว็บไซต์ได้ แต่ต้องล็อกอินก่อน ::
  ล็อกอิน

รายการสื่อสารสนเทศ

ลำดับที่ ประเภท เลขเรียก/บาร์โค้ด สถานที่ สถานะ
1. Book การพยาบาล
หนังสือสำรอง
สถานะ=หนังสือสำรอง
WY86 L913L ฉ.1 
  Barcode: 004636
ห้องสมุดวิทยาเขตสวรรค์ประชารักษ์
►หนังสือทั่วไป
บนชั้น

รายการใกล้เคียง
    ชื่อเรื่อง [Leddy & Pepper s Professional Nursing]

    ผู้แต่ง [Lucy Hood RN, DNSc]

    หัวเรื่อง [Nursing Theory]
    หัวเรื่อง [Nursing-trends]

BibComment


ยังไม่เคยถูกคอมเมนท์

คอมเมนท์ทรัพยากรรายการนี้
  คอมเมนท์: Leddy Pepper s ..


 Copyright 2026. Bcnsprnw @Library